German words A1.1 (Lektion 24) - Statistics

General Stats
  • This quiz has been taken 13 times
  • The average score is 9 of 28
Answer Stats
In German In English % Correct
Ticket das, -s Ticket
75%
CD die, -s CD
67%
Weihnachten das Christmas
58%
Ostern das Easter
58%
Frohes neues Jahr! Happy New Year
58%
Frohe Weihnachten! Merry Christmas
58%
Fest das, -e Party
50%
Antworten (To) answer
50%
Gewinnen (To) win
50%
Gratulieren Congratulate
42%
Draußen Outside
42%
Gut gemacht! Well done
42%
Reise die, -n Trip, journey
33%
Feier die, -n Celebration
25%
Endlich Finally
25%
Um•ziehen (To) move to a new house
25%
Getränk das, -e Beverage
17%
Glückwunsch der, -e Congratulation
17%
Hoffentlich Hopefully
17%
Verwandte der/die, -n (The) relative
17%
Bekannte der/die, -n Acquaintance
8%
Alles Gute! All the best
8%
Herzlichen Glückwunsch! Congratulations from the heart
8%
Zufrieden Satisfied
8%
Gemeinsam Together
8%
Schenken (To) gift
8%
Schade Too bad
8%
Bestehen (To) exist, be present
0%
No matching quizzes found
Score Distribution
Percent of People with Each Score
Percentile by Number Answered
Your Score History
You have not taken this quiz